[Event "Mlada Boleslav Region-ch U14"]
[Site "Mlada Boleslav"]
[Date "2017.06.25"]
[Round "6"]
[White "Lastovka, Ondrej"]
[Black "Pravda, Petr"]
[Result "1-0"]
[WhiteElo "1514"]
[BlackElo "1261"]
[PlyCount "25"]
[EventDate "2017.06.24"]
[EventType "swiss"]
[EventRounds "7"]
[EventCountry "CZE"]
[SourceTitle "CBM 179 Extra"]
[Source "ChessBase"]
[SourceDate "2017.08.23"]
[SourceVersion "1"]
[SourceVersionDate "2017.08.23"]
[SourceQuality "1"]

1. e4 c5 2. Nf3 d6 3. d4 cxd4 4. Nxd4 Nf6 5. Nc3 g6 6. Be3 Bg7 7. Be2 0-0 8. 0-0 Nc6 9. f4 Bd7 10. Nb3 Rc8 11. Bf3 a6 12. Nd5 Re8 13. Bb6 1-0

[Event "Mlada Boleslav Region-ch"]
[Site "Mlada Boleslav"]
[Date "2015.06.20"]
[Round "1"]
[White "Nemecek, Lukas"]
[Black "Lastovka, Ondrej"]
[Result "1-0"]
[WhiteElo "1504"]
[BlackElo "1167"]
[PlyCount "39"]
[EventDate "2015.06.20"]
[EventType "swiss"]
[EventRounds "7"]
[EventCountry "CZE"]
[SourceTitle "EXT 2017"]
[Source "ChessBase"]
[SourceDate "2016.10.25"]
[SourceVersion "1"]
[SourceVersionDate "2016.10.25"]
[SourceQuality "1"]

1. e4 c5 2. Nf3 d6 3. d4 cxd4 4. Nxd4 g6 5. c4 b6 6. Be3 Nf6 7. Nc3 Bg7 8. f3 Bb7 9. Be2 Nbd7 10. 0-0 0-0 11. Qd2 Rc8 12. Rfd1 a6 13. Rac1 Nc5 14. Nd5 Bxd5 15. cxd5 Qd7 16. Nc6 Ne8 17. b4 Nb7 18. Nxe7+ Qxe7 19. Rxc8 Be5 20. Bd4 1-0